000 00587nam a2200205Ia 4500
005 20250508163947.0
008 008 250505s9999 xx 000 0 hin d
037 _aTextual
040 _aFEDL
_beng
_cFEDL
041 _ahin
_2hin
084 _a371.4, MAN
_qFEDL
100 _aMangal S. K.
245 0 _aMargdarshan awam pramersh
260 _aNew Delhi, India
_bArya Book Depot
_c2002
300 _a146p.
650 _aEducational - Guideance and Counseling
_9757599
700 _a Mangal Subhra
_9776852
942 _cTEXL
_h371.4, MAN
999 _c1386306
_d1386306